000 00740nam a2200277Ia 4500
008 170711s9999 xx 000 0 und d
020 _a9780062090010
050 _a131
050 _bC672 2003
100 _aCoelho, Paulo
245 _aWarrior of the light :
245 _ba manual /
245 _cby Paulo Coelho ; translated from the Portuguese by Margaret Jull Costa.
260 _aNew York :
260 _bHarper,
260 _c2003
300 _a136 pages :
300 _billustrations ;
300 _c17cm.
650 _aBrazilian fiction -- 20th century.
650 _aBrazilian literature --
650 _aConduct of life.
650 _x20th century.
700 _aCosta, Margaret Jull.
700 _aTitle.
999 _c339915
_d339915